000 00665nam a2200277Ia 4500
005 20260324131957.0
008 008 260324s9999 xx 000 0 eng d
020 _a9780203963234
037 _aEBOOK
040 _aCRL
040 _beng
040 _cCRL
041 _2eng
041 _aeng
084 _qCRL
100 _aJenny Houssart; Caroline Roaf; Anne Watson
_91187564
245 0 _aSupporting Mathematical Thinking
260 _bTaylor and Francis
260 _c2005
365 _a
365 _b51.99
856 _uhttp://www.taylorfrancis.com/books/9780203963234
942 _cEBOOK
999 _c1785204
_d1785204